Statistics for NBA Knowledge Quiz #1

Click here to take the quiz!

General Stats

  • This quiz has been taken 198 times
    (192 since last reset)
  • The average score is 7 of 10

Answer Stats

HintAnswer% Correct
Which team has won the most titles?Boston Celtics
96%
What was Kobe Bryant's most well-known nickname?Black Mamba
90%
What number does Stephen Curry wear?30
87%
Who is on the NBA logo?Jerry West
87%
After coming back from retirement, who did Michael Jordan play for?Washington Wizards
84%
Who was the #1 pick in the 2019 draft?Zion Williamson
69%
Where were the Lakers previously located?Minneapolis
63%
When asked if he called bank on a game-winning shot, how did Paul Pierce respond?I called {game}
61%
What was Kareem Abdul-Jabbar's birth name?Ferdinand Lewis Alcindor Jr.
36%
Who hit a circus-shot backwards granny as the shot clock expired?Trevor Booker
8%

Score Distribution

Percentile by Number Answered

Percent of People with Each Score

Your Score History

You have not taken this quiz since the last reset